| Tag |
First Indicator |
Second Indicator |
Subfields |
| LEADER |
00000cam a2200000 a 4500 |
| 001 |
in00001237987 |
| 005 |
20151003061207.0 |
| 007 |
he bm||||b|c| |
| 008 |
930421s1739 enkaf b 000 0 eng d |
| 035 |
|
|
|a (OCoLC)27958385
|
| 035 |
|
|
|9 AGS3792AM
|
| 040 |
|
|
|a UGT
|c UGT
|d TXA
|d UtOrBLW
|
| 041 |
1 |
|
|a eng
|h lat
|
| 049 |
|
|
|a TXAI
|
| 090 |
|
|
|a Q111
|b .H35
|a QA152
|
| 099 |
|
|
|a fiche
|a C
|a 9399 no.358
|
| 100 |
1 |
|
|a Wolff, Christian Friedrich von,
|c Freiherr,
|d 1679-1754.
|
| 245 |
1 |
2 |
|a A treatise of algebra :
|b with the application of it to a variety of problems in arithmetic, to geometry, trigonometry, and conic sections : with the several methods of solving and constructing equations of the higher kind /
|c by Christian Wolfius.
|
| 264 |
|
3 |
|a London :
|b Printed for A. Bettesworth and C. Hitch,
|c 1739.
|
| 300 |
|
|
|a xii, 340 pages, 8 unnumbered leaves of plates :
|b illustrations
|
| 336 |
|
|
|a text
|b txt
|2 rdacontent
|
| 337 |
|
|
|a microform
|b h
|2 rdamedia
|
| 338 |
|
|
|a microfiche
|b he
|2 rdacarrier
|
| 500 |
|
|
|a "Courtesy of the History of Science Collections, the University of Oklahoma."
|
| 500 |
|
|
|a "Translated from the Latin [by John Hanna]." --title page.
|
| 500 |
|
|
|a Contains head- and tail-pieces.
|
| 533 |
|
|
|a Microfiche.
|b New Canaan, Conn.:
|c Readex Microprint,
|d [1987]
|e 7 microfiches ; 11 x 15 cm.
|f (Landmarks II. Monographs)
|
| 539 |
|
|
|a s
|b 1987
|d ctu
|e n
|
| 500 |
|
|
|a Microform.
|
| 650 |
|
0 |
|a Algebra
|v Early works to 1800.
|
| 650 |
|
0 |
|a Geometry, Algebraic
|x Early works to 1800.
|
| 700 |
1 |
|
|a Hanna, John.
|
| 830 |
|
0 |
|a Landmarks II Monographs.
|
| 999 |
|
|
|a MARS
|
| 999 |
f |
f |
|s 18a574d3-bd69-32d4-8b73-9a2ed93fb33d
|i 794d30b2-3220-3348-8ffb-a66fd6f9beda
|t 0
|
| 952 |
f |
f |
|p normal
|a Texas A&M University
|b College Station
|c Sterling C. Evans Library
|d Evans: Microforms (3rd floor)
|t 0
|e fiche C 9399 no.358
|h Other scheme
|i microform -- microfiche
|m A14823172205
|
| 998 |
f |
f |
|a fiche C 9399 no.358
|t 0
|l Evans: Microforms (3rd floor)
|